MARC

LEADER 00000nam0a2200000 4500
001 361584
005 20231102011414.0
035 |a (RuTPU)RU\TPU\retro\18914 
090 |a 361584 
100 |a 20210624d1964 m y0gery50 ba 
101 0 |a ger 
102 |a DE 
105 |a a z 001zy 
200 1 |a Transistortechnik fûr den Funkamateur  |f H. J. Fischer 
205 |a 3-d, erweirerte und verbessere Auflage 
210 |a Berlin  |c Deutsche Militârverlag  |d 1964 
215 |a 296 s.  |c il. 
320 |a Sachwortverzeichnis: s. 292-296 
606 1 |a Транзисторы  |x Триоды  |2 stltpush  |3 (RuTPU)RU\TPU\subj\61274  |9 78476 
610 1 |a радиолюбительские технологии 
610 1 |a изобретения 
610 1 |a история 
610 1 |a параметры 
610 1 |a характеристики 
610 1 |a расчеты 
610 1 |a методы 
610 1 |a радиотехнические схемы 
610 1 |a недостатки 
610 1 |a преимущества 
610 1 |a применение 
610 1 |a немецкий язык 
675 |a 621.382.3  |v 4 
700 1 |a Fischer  |b H. J. 
801 1 |a RU  |b 63413507  |c 20210624 
942 |c BK